000 00324nam a2200133Ia 4500
008 150301s2015 xx 000 0 und d
082 _a615.1
_bP11N
100 _aR.K NEMA
245 2 _aA PRACTICAL APPROAEH TO PHARMACEUTICAL ANALYSIS
260 _bCBS- DELHI
300 _a206
650 _aPHARMACEUTICS
942 _2ddc
_cBK
999 _c7189
_d7189